Robotizációs folyamat integrációja egy logisztikai vállalat meglévő manuális folyamatába

Bibliográfiai részletek
Szerző: Fazekas Fruzsina
További közreműködők: Domboróczky Dr. Zoltán
Dokumentumtípus: Diplomadolgozat
Kulcsszavak:automatizáció - automatizálás
belső vállalati folyamatok
digitális technológia
hatékonyságvizsgálat
robotok
Online Access:http://dolgozattar.uni-bge.hu/60129

MARC

LEADER 00000nta a2200000 i 4500
001 dolg60129
005 20260409150028.0
008 260409suuuu hu om 000 hun d
040 |a BGE Dolgozattár Repozitórium  |b hun 
041 |a hu 
100 1 |a Fazekas Fruzsina 
245 1 0 |a Robotizációs folyamat integrációja egy logisztikai vállalat meglévő manuális folyamatába  |c Fazekas Fruzsina  |h [elektronikus dokumentum] 
520 3 |a A szakdolgozatomban egy olyan vállalati folyamat elemzésére esett a választásom, melynél egy addig manuális végzett folyamat teljes kiváltásra került egy robotizációs folyamat által. A szakirodalmi áttekintésben, az általam felhasznált szakirodalmak, mind hazai mind pedig külföldi segítségével, kívántam megalapozni a szekunder kutatásom. Körüljártam, az ellátási lánc az utóbbi években milyen változásokon ment keresztül, áttértem a manapság leggyakrabban elterjedt okos technológiák alkalmazására az ellátási lánc menedzsmentben, végezetül ezen belül, kitértem a számomra leginkább releváns robotizációs folyamatok ismertetésére.A dolgozat gyakorlati részében, a primer kutatásomat, mélyinterjúk elkészítésével vittem véghez. Kutattam és elemeztem, egy vállalati példán keresztül, a robotizációs folyamatok implementálásának nehézségeit, előnyeit valamint jövőre vonatkozó tényezőit.Összevetettem az általam megkapott eredményeket, a szakirodalmi tényekkel. Végezetül pedig, az általam megfogalmazott kutatási kérdésekre adtam választ illetőleg megfogalmaztam a jövőbeli javaslataimat. 
695 |a automatizáció - automatizálás 
695 |a belső vállalati folyamatok 
695 |a digitális technológia 
695 |a hatékonyságvizsgálat 
695 |a robotok 
700 1 |a Domboróczky Dr. Zoltán  |e ths 
856 4 0 |u http://dolgozattar.uni-bge.hu/60129/1/Fazekas_Fruzsina_CUXEME.pdf  |z Dokumentum-elérés 
856 4 0 |u http://dolgozattar.uni-bge.hu/60129/2/Fazekas_Fruzsina_MA%20ELM%20b%C3%ADr%C3%A1lati%20lap.pdf  |z Dokumentum-elérés 
856 4 0 |u http://dolgozattar.uni-bge.hu/60129/3/Fazekas_Fruzsina_MA%20ELM%20b%C3%ADr%C3%A1lati%20lap_k%C3%BCls%C5%91.pdf  |z Dokumentum-elérés